01309nam a2200325Ia 450000500170000000800410001702000180005804100080007610000430008424500680012725000260019530000250022149000280024650000420027465000380031665000420035465000450039665000320044165100450047394200150051826400410053333600270057433700330060133800280063404000350066208400110069799900150070895201310072395201290085420220317001906.0170410s2015 c g 000 f s  a9789588894089 aspa1 aGarcía Márquez, Gabrield1928-201413aEl amor en los tiempos del cóleracGabriel García Márquez aPrimera reimpresión a494 páginasc24 cm aLiteratura Random House aIncluye datos biográficos del autor142LEMBaNovela colombianaySiglo XX142LEMBaLiteratura colombianaySiglo XX142LEMBaRealismo mágico en la literatura142LEMBaAmor en la literatura 4aMagdalena (rio, colombia)vNovela978690 2loccBKLIT aBogotábPenguin Random Housec2015 atextobtxt2rdacontent asin mediaciónbn2rdamedia avolumenbnc2rdacarrier aCO-BoRNBPbspaerdacCO-BoRNBP aN GAR2 c8441d8441 00102ddc40708GENaMECASARIbMECASARIcLITd2024-11-13l0oGAR2 Ej.1pBM00545r2024-11-13 22:48:06tEj.1w2024-11-13yBKLIT 00102ddc40708GENaMEMAPJGAbMEMAPJGAcLITd2025-01-17l0oN GAR2pMPJG0022r2025-01-17 15:31:26tEj.1w2025-01-17yBKLIT